00908nam a2200241 a 450000100060000000300090000600800410001502000150005604000280007108200150009910000630011424500960017726000310027330000110030449000160031559000650033165000470039665000320044365000300047594200120050599900170051795201320053419134CO-ViMGA141112s2004 ck r 000 u spa d a9701507053 aCO-ViMGAbspacCO-ViMGA04a371.9 A8451 aAvila de Encio, Carmen; Polaino - Lorente, Aquilino92743810aNiños hiperactivos : bcomportamiento, diagnostico, tratamiento, ayuda familiar y escolar aMexico : bAlfaomega; 2002 a126 p. aNarcea; 705 aForma de adquisición : Proyecto 2005 - - Precio :  50.40014aeducación DE NIÑOS HIPERACTIVOS92743914aNIÑOS HIPERACTIVOS92744014aPSICOLOGIA INFANTIL91631 2ddccBK c28305d28305 00102ddc40708GENaMECUMARAbMECUMARAcGENd2024-06-13l0o616.8589A83npCUM00475r2024-06-13 10:03:02tEj.1w2024-06-13yBK